| 000 | 00709nam a2200229Ia 4500 | ||
|---|---|---|---|
| 008 | 191130s2008##################000#0#eng## | ||
| 020 | _a9780521883948 | ||
| 022 | _a2007030488 | ||
| 040 |
_aACL _cACL |
||
| 082 | _a321.8 TAR | ||
| 100 | _aGerring, John | ||
| 245 |
_aA centripetal theory of democratic governance _cJohn Gerring, Strom C. Thacker |
||
| 260 |
_aCambridge _bCambridge University Press _c2008 |
||
| 300 | _axiii, 237 p. ; 24 cm | ||
| 500 | _aIncludes bibliographical references (p. 191-225) and indexes | ||
| 650 | _aDemocracy | ||
| 650 | _aPolitical science | ||
| 700 | _aThacker, Strom Cronan | ||
| 990 | _a0063a7a2ac10000c1e5b2b05921b7ccd | ||
| 991 | _a134995 | ||
| 999 |
_c354722 _d354722 |
||